| 000 -LEADER |
| fixed length control field |
00543cam a2200205 4500 |
| 001 - CONTROL NUMBER |
| control field |
309279 |
| 005 - DATE AND TIME OF LATEST TRANSACTION |
| control field |
20180314081639.0 |
| 008 - FIXED-LENGTH DATA ELEMENTS--GENERAL INFORMATION |
| fixed length control field |
740605s1974 ilua 001 0 eng |
| 010 ## - LIBRARY OF CONGRESS CONTROL NUMBER |
| LC control number |
73091788 |
| 020 ## - INTERNATIONAL STANDARD BOOK NUMBER |
| International Standard Book Number |
0256015414 |
| 040 ## - CATALOGING SOURCE |
| Original cataloging agency |
DLC |
| Transcribing agency |
DLC |
| Modifying agency |
DLC |
| 041 ## - LANGUAGE CODE |
| Language code of text/sound track or separate title |
eng |
| 080 ## - UNIVERSAL DECIMAL CLASSIFICATION NUMBER |
| Universal Decimal Classification number |
658.1511 ANT |
| 082 00 - DEWEY DECIMAL CLASSIFICATION NUMBER |
| Classification number |
658.1511 ANT |
| Edition number |
19 |
| 100 1# - Rafti |
| Rafti |
54 |
| 101 ## - Shkurtesa |
| Shkurtesa |
MEN |
| 245 10 - TITLE STATEMENT |
| Title |
Fundamentals of management accounting |
| Statement of responsibility, etc |
[by] Robert N. Anthony and Glenn A. Welsch. |
| 906 ## - LOCAL DATA ELEMENT F, LDF (RLIN) |
| a |
7 |
| b |
cbc |
| c |
orignew |
| d |
2 |
| e |
opcn |
| f |
19 |
| g |
y-gencatlg |
| 942 ## - ADDED ENTRY ELEMENTS (KOHA) |
| Source of classification or shelving scheme |
|
| Item type |
Books |